| 000 | 00481nam a22001817a 4500 | ||
|---|---|---|---|
| 003 | CEME | ||
| 005 | 20210628205414.0 | ||
| 008 | 210127b xxu||||| |||| 00| 0 eng d | ||
| 020 | _a0-07-236322-3 | ||
| 040 | _c. | ||
| 082 | _a620.0042 KEL | ||
| 100 |
_aKelley, David.S _975399 |
||
| 245 | _aPro engineer insturctor | ||
| 260 |
_aBOSTON _bMCGRAW HILL _c2002 |
||
| 300 | _aXV,554P | ||
| 650 |
_aPRO-ENGINEER, COMPUTER AIDED DESIGN, MECHANICAL DRAWING _975400 |
||
| 942 |
_cBK _2ddc |
||
| 999 |
_c580823 _d580823 |
||